00283nam a2200097Ia 4500008004100000082000800041100001300049245010200062942000600164999001500170240331s9999 xx 000 0 und d bSIN aSingh, M 0aContemporary personal impressions upon :bIndian Independence movement and Punjabi Suba struggle cL c2383d2383